00525nam a22001697a 450000500170000001000150001702000250003203500130005703700130007008200110008310000160009424500720011026000810018227000300026330000220029350000400031520100819112148.0 aENG-100910 a9788172087012c85.00 aEN-84443 bDBAD/PUB a230.35 aBruce, Rita aLove of conscience :bfour aspects of human nature /cby Rita Bruce aPrasanthi NilayambSri Sathya Sai Sadhana Trust, Publications Divisionc2009 bPrasanthi Nilayame515134 a213p.c21cm (pbk) aincludes bibliographical references